000 00708nam a22001937a 4500
999 _c19333
_d19333
003 AR-CdUCM
008 190517b ||||| |||| 00| 0 spa d
040 _aMUNICIPALIDAD PROVINCIAL DEL CUSCO
_cBIBLIOTECA MUNICIPAL DEL CUSCO
082 _a345.1 /
_bG26
100 _aGarcía Rada, Domingo.
_98645
245 _aInstituciones de derecho procesal penal /
260 _bStudium,
300 _a486 páginas ;
_c25 cm.
505 _aContenido : El proceso penal -- La justicia penal ordinaria -- Ministerio público -- Juez instructor -- Parte civil -- Ministerio de defensa ...
650 _aDerecho procesal civil.
_927080
650 _aDerecho.
_9739
942 _2ddc
_cLIBROS
945 _arum
_d2019-05-17